Glencoe literature (Record no. 6319)

MARC details
000 -LEADER
fixed length control field 01367nam a2200277 4500
020 ## - INTERNATIONAL STANDARD BOOK NUMBER
ISBN 0078259290
022 ## - INTERNATIONAL STANDARD SERIAL NUMBER
ISSN 9780078259296
050 ## - CALL NUMBER
Classification number PN59
Item number .G47
100 ## - AUTHOR
Personal name Chin Beverly Ann
245 ## - TITLE
Title Glencoe literature
Statement of responsibility, etc Beverly Ann Chin, Denny Wolfe,Jeffrey Copeland,Mary Ann Dudzinski, William Ray, Jacqueline Jones Royster & Jeffrey Wilhelm
Remainder of title The Reader's Choice
250 ## - EDITION
Edition statement California Edition
260 ## - PUBLICATION INFORMATION
Place of publication New York
Name of publisher Glencoe McGraw-Hill
Year of publication 2002
300 ## - DESCRIPTION
Number of Pages xxxv, 853, R156 pages :
Other physical details color illustrations :
Dimensions 26 cm
500 ## - NOTES
General note Includes California English-language arts content standards (p. x-xv.).<br/>Test practice questions by the Princeton Review.
505 ## - FORMATTED CONTENTS NOTE
Table of Content Theme One: What I Am, What I Want To Be<br/>Theme Two: Winds Of Change<br/>Theme Three: Facing Challenge<br/>Theme Four: Where the Heart Is<br/>Theme Five: At the Crossroads <br/>Theme Six: Twists and Turns<br/>Theme Seven: A Different Dimension<br/>Theme Eight : A Delicate Balance
650 ## - SUBJECTS
Topical Term Language arts (Middle school) -- Textbooks.
650 ## - SUBJECTS
Topical Term Literature -- Study and teaching (Middle school) -- Textbooks
650 ## - SUBJECTS
Topical Term English literature -- Study and teaching (Middle school) -- Textbooks.
700 ## - OTHER AUTHORS
Personal name Wolfe Denny
700 ## - OTHER AUTHORS
Personal name Copeland Jeffrey
700 ## - OTHER AUTHORS
Personal name Dudzinski Mary Ann
700 ## - OTHER AUTHORS
Personal name Ray William
700 ## - OTHER AUTHORS
Personal name Royster Jacqueline Jones
700 ## - OTHER AUTHORS
Personal name WIlhem Jeffrey
942 ## - ADDED ENTRY ELEMENTS (KOHA)
Koha item type Books
Holdings
Withdrawn status Lost status Home library Current library Shelving location Date acquired Full call number Accession Number Koha item type Collection code
    Methodist University Library Main Methodist University Library Main General Stacks 07/07/2004 PE1122 .G54 36313 Books  
    Methodist University Library Main Methodist University Library Main   10/08/2020 PN59 .G47 14584 Books Non-fiction
Copyright © 2026  MUG Library